[Event "Galicia-ch"]
[Site "Padron"]
[Date "2002.03.31"]
[Round "9"]
[White "Vazquez Galinares, Alejandro"]
[Black "Torrado Quintela, Julio"]
[Result "0-1"]
[WhiteElo "2043"]
[BlackElo "2147"]
[PlyCount "90"]
[EventDate "2002.03.23"]
[EventType "swiss"]
[EventRounds "9"]
[EventCountry "ESP"]
[SourceTitle "EXT 2003"]
[Source "ChessBase"]
[SourceDate "2002.11.25"]
[SourceVersion "1"]
[SourceVersionDate "2002.11.25"]
[SourceQuality "1"]

1. e4 c5 2. Nc3 d6 3. g3 Nc6 4. Bg2 g6 5. d3 Bg7 6. Be3 e6 7. Qd2 Rb8 8. f4 Nge7 9. Nf3 0-0 10. d4 b6 11. 0-0 Ba6 12. Rfd1 Na5 13. Bf2 Qc7 14. a4 Rbc8 15. Qc1 Rfd8 16. Ra2 Qb8 17. Nb5 Bb7 18. e5 dxe5 19. dxe5 Qa8 20. Rxd8+ Rxd8 21. Ra3 Nc4 22. Rc3 Nd2 23. Nc7 Nxf3+ 24. Bxf3 Qb8 25. Nb5 Bxf3 26. Rxf3 g5 27. Nd6 g4 28. Rb3 Qc7 29. a5 Ng6 30. axb6 axb6 31. Ra3 h5 32. Qa1 h4 33. Qd1 Bxe5 34. fxe5 Nxe5 35. Qd2 Nf3+ 36. Rxf3 gxf3 37. Qg5+ Kf8 38. Nb5 Rd1+ 39. Be1 Rxe1+ 40. Kf2 Qe5 41. Qh6+ Kg8 42. Nc3 hxg3+ 43. hxg3 Re2+ 44. Kf1 Rxc2 45. Qh4 Rxc3 0-1